[Event "4NCL Division Four"]
[Site "Daventry, ENG"]
[Date "2023.01.08"]
[Round "4.71"]
[White "Kothari, Jai"]
[Black "Burgess, Jasmine"]
[Result "1-0"]
[WhiteElo "1915"]
[BlackElo "1722"]
[PlyCount "57"]
[EventDate "2023.01.08"]
[WhiteTeam "Guildford Young Guns"]
[BlackTeam "She Plays To Win Uni"]

1. e4 c6 2. d4 d5 3. Nc3 dxe4 4. Nxe4 Bf5 5. Ng3 Bg6 6. Nf3 Nd7 7. h4 h5 8. Bd3
Bxd3 9. Qxd3 Ngf6 10. O-O e6 11. Re1 Bd6 12. Nf5 Bf8 13. Ng5 Qa5 14. Bd2 Qb5
15. c4 Qa6 16. b4 Nb6 17. b5 Qa3 18. Qe2 O-O-O 19. Nxf7 exf5 20. Qe6+ Rd7 21.
c5 Bxc5 22. dxc5 Qxc5 23. bxc6 bxc6 24. Nxh8 Ng4 25. Be3 Qb5 26. Rab1 Qe5 27.
Qxe5 Nxe5 28. Bxb6 Nd3 29. Re8+ 1-0

[Event "4NCL Division Four"]
[Site "Daventry, ENG"]
[Date "2023.01.08"]
[Round "4.72"]
[White "Ivanov, Elizabeth"]
[Black "Sachdeva, Ronit"]
[Result "0-1"]
[WhiteElo "1605"]
[BlackElo "1820"]
[PlyCount "60"]
[EventDate "2023.01.08"]
[WhiteTeam "She Plays To Win Uni"]
[BlackTeam "Guildford Young Guns"]

1. e4 c5 2. Nc3 Nc6 3. f4 g6 4. Bc4 Bg7 5. Nf3 e6 6. O-O Nge7 7. Qe1 O-O 8. d3
d5 9. Bb3 b6 10. Qh4 dxe4 11. dxe4 Ba6 12. Re1 c4 13. f5 exf5 14. e5 f4 15. Ba4
b5 16. Bxf4 bxa4 17. Ne4 Nf5 18. Qh3 Ncd4 19. Nfg5 h6 20. c3 Ne6 21. Nxe6 fxe6
22. g4 Nh4 23. Rf1 g5 24. Rad1 Qe7 25. Nf6+ Bxf6 26. exf6 Rxf6 27. Be5 Rxf1+
28. Qxf1 Rf8 29. Qe2 Nf3+ 30. Kh1 Bb7 0-1

[Event "4NCL Division Four"]
[Site "Daventry, ENG"]
[Date "2023.01.08"]
[Round "4.73"]
[White "Sefton, Adam"]
[Black "Ravi, Vash"]
[Result "1-0"]
[WhiteElo "1708"]
[BlackElo "1593"]
[PlyCount "33"]
[EventDate "2023.01.08"]
[WhiteTeam "Guildford Young Guns"]
[BlackTeam "She Plays To Win Uni"]

1. e4 e5 2. Nc3 Nf6 3. f4 d6 4. Nf3 Nbd7 5. Bc4 c6 6. Ng5 d5 7. exd5 b5 8. Bb3
Nc5 9. fxe5 Nxb3 10. axb3 Nxd5 11. d4 Bb4 12. O-O O-O 13. Qh5 h6 14. Nxf7 Bg4
15. Qg6 Qh4 16. Bxh6 Rxf7 17. Qxf7+ 1-0

[Event "4NCL Division Four"]
[Site "Daventry, ENG"]
[Date "2023.01.08"]
[Round "4.74"]
[White "Singha Swati"]
[Black "Welling, Zac"]
[Result "0-1"]
[WhiteElo "1461"]
[BlackElo "1450"]
[PlyCount "64"]
[EventDate "2023.01.08"]
[WhiteTeam "She Plays To Win Uni"]
[BlackTeam "Guildford Young Guns"]

{[%evp 0,47,38,25,64,54,60,27,51,57,51,39,93,46,46,35,18,-103,-25,-34,-34,-31,
-31,-47,-23,-36,-42,-40,-23,-64,-64,-91,-78,-82,-35,-27,-6,-20,-20,-72,-67,-70,
-85,-99,-96,-149,-154,-185,-70,-101]} 1. e4 c6 2. Nc3 d5 3. e5 Bf5 4. d4 e6 5.
Nf3 c5 6. Bg5 Be7 7. Bxe7 Nxe7 8. Nh4 a6 9. Nxf5 Nxf5 10. dxc5 Qc7 11. Be2 Qxe5
12. O-O O-O 13. Re1 Qf6 14. Qd3 Nd7 15. b4 Ne5 16. Qh3 Rfd8 17. Rad1 Rac8 18.
Bd3 Nxd3 19. Rxd3 a5 20. a3 Nd4 21. Rd2 Nc6 22. b5 Ne5 23. Rde2 Nc4 24. Na4 Nb2
25. Qb3 Nxa4 26. Qxa4 Qc3 27. Re3 Qxc5 28. Qxa5 Qxc2 29. Qa7 d4 30. R3e2 Qxe2
31. Rf1 d3 32. Qxb7 Qxf1+ 0-1

[Event "4NCL Division Four"]
[Site "Daventry, ENG"]
[Date "2023.01.08"]
[Round "4.75"]
[White "Twisk, Sebastian"]
[Black "Khunda, Deema"]
[Result "1-0"]
[WhiteElo "1500"]
[BlackElo "1350"]
[PlyCount "73"]
[EventDate "2023.01.08"]
[WhiteTeam "Guildford Young Guns"]
[BlackTeam "She Plays To Win Uni"]

1. e4 c5 2. c3 d6 3. d4 cxd4 4. cxd4 Nf6 5. Nc3 g6 6. Be3 Bg7 7. f3 O-O 8. Qd2
Bd7 9. Bh6 Nc6 10. d5 Ne5 11. Bxg7 Kxg7 12. f4 Neg4 13. h3 Nh6 14. g4 Nhg8 15.
Be2 e5 16. f5 Qb6 17. g5 Ne8 18. f6+ Ngxf6 19. gxf6+ Nxf6 20. h4 Bg4 21. O-O-O
Rac8 22. Bxg4 Nxg4 23. Re1 Qd4 24. Nf3 Qa4 25. Kb1 Qa5 26. h5 Qb6 27. hxg6 fxg6
28. Ng5 Qf2 29. Rxh7+ Kg8 30. Qc1 Nf6 31. Rh6 Kg7 32. Reh1 Nh5 33. Rh7+ Kg8 34.
Re7 a5 35. Ne6 Qb6 36. Rxh5 Rxc3 37. Rg7# 1-0

[Event "4NCL Division Four"]
[Site "Daventry, ENG"]
[Date "2023.01.08"]
[Round "4.76"]
[White "Clark, Sophie"]
[Black "Butcher, Nathaniel"]
[Result "0-1"]
[WhiteElo "1300"]
[BlackElo "1450"]
[PlyCount "74"]
[EventDate "2023.01.08"]
[WhiteTeam "She Plays To Win Uni"]
[BlackTeam "Guildford Young Guns"]

1. e4 c5 2. Nf3 Nc6 3. Bb5 d6 4. Bxc6+ bxc6 5. d3 Nf6 6. e5 Ng4 7. exd6 Qxd6 8.
Nc3 Nf6 9. h3 g6 10. O-O Bg7 11. Re1 O-O 12. Qe2 e6 13. Be3 Qe7 14. Na4 Nd7 15.
Bg5 Bf6 16. Bxf6 Nxf6 17. Qe3 Rb8 18. Ne5 Bd7 19. b3 Rb5 20. d4 cxd4 21. Qxd4
a5 22. Rad1 Rd5 23. Qc3 Qd6 24. Rxd5 Qxd5 25. Nb6 Qd6 26. Qxa5 c5 27. Nbxd7
Nxd7 28. Nxd7 Qxd7 29. Qxc5 Rc8 30. Qe3 Rxc2 31. a4 Rb2 32. Qc3 Rd2 33. Rc1 Qd6
34. Ra1 Rd3 35. Qb2 Rd2 36. Qa3 Rd1+ 37. Rxd1 Qxa3 0-1

[Event "4NCL Division Four"]
[Site "Daventry, ENG"]
[Date "2023.01.08"]
[Round "4.81"]
[White "Gill, Oliver"]
[Black "Abbott, Nathan J"]
[Result "1-0"]
[WhiteElo "2106"]
[BlackElo "1959"]
[PlyCount "59"]
[EventDate "2023.01.08"]
[WhiteTeam "Wessex Some Stars A"]
[BlackTeam "Anglian Avengers 2"]

1. e4 e5 2. Nf3 Nc6 3. Bb5 a6 4. Bxc6 dxc6 5. d4 f6 6. dxe5 Qxd1+ 7. Kxd1 Bg4
8. Nbd2 O-O-O 9. Ke2 Re8 10. h3 Bh5 11. g4 Bg6 12. Nh4 Bf7 13. exf6 Nxf6 14. f3
g6 15. Ng2 Bg7 16. Ne3 Re7 17. c4 Rhe8 18. Rb1 Bh6 19. b3 Nd7 20. Bb2 Nf8 21.
Ba3 Rd7 22. Bxf8 Rxf8 23. Rbd1 Be6 24. Rhf1 Bg5 25. Ng2 h5 26. f4 hxg4 27. fxg5
Rxf1 28. Rxf1 gxh3 29. Nf4 Bg4+ 30. Ke3 1-0

[Event "4NCL Division Four"]
[Site "Daventry, ENG"]
[Date "2023.01.08"]
[Round "4.82"]
[White "Dannatt, Arthur"]
[Black "Pleasants, Allan J"]
[Result "0-1"]
[WhiteElo "1677"]
[BlackElo "1963"]
[PlyCount "54"]
[EventDate "2023.01.08"]
[WhiteTeam "Anglian Avengers 2"]
[BlackTeam "Wessex Some Stars A"]

1. Nf3 g6 2. g3 Bg7 3. Bg2 Nf6 4. O-O O-O 5. c4 c5 6. Nc3 Nc6 7. d3 d6 8. Bf4
e5 9. Bg5 h6 10. Bd2 Be6 11. Rc1 Qc7 12. e4 Bg4 13. Be3 Nd4 14. Nd5 Nxd5 15.
cxd5 f5 16. Bxd4 fxe4 17. dxe4 exd4 18. Qb3 Qf7 19. Nh4 Be2 20. Bh3 Qf6 21.
Be6+ Kh7 22. f4 d3 23. Rcd1 Qd4+ 24. Rf2 Qxe4 25. f5 Bxd1 26. Qxd1 Bd4 27. Nxg6
Rxf5 0-1

[Event "4NCL Division Four"]
[Site "Daventry, ENG"]
[Date "2023.01.08"]
[Round "4.83"]
[White "Gregory, Keith D F"]
[Black "Slonczuk, Pawel"]
[Result "1-0"]
[WhiteElo "1946"]
[BlackElo "1691"]
[PlyCount "81"]
[EventDate "2023.01.08"]
[WhiteTeam "Wessex Some Stars A"]
[BlackTeam "Anglian Avengers 2"]

1. Nf3 d5 2. g3 Nf6 3. Bg2 e6 4. O-O Be7 5. d4 b5 6. c3 O-O 7. Re1 Bb7 8. Qb3
a6 9. a4 c5 10. axb5 Qb6 11. Nbd2 c4 12. Qc2 axb5 13. Rxa8 Bxa8 14. b3 cxb3 15.
Qxb3 Rc8 16. Bb2 Nc6 17. Ra1 Na5 18. Qa2 Nc4 19. Nxc4 dxc4 20. Ba3 Bxa3 21.
Qxa3 Bc6 22. Ne5 Bxg2 23. Kxg2 Qb7+ 24. f3 Nd5 25. e4 b4 26. cxb4 Nxb4 27. Rb1
Nc2 28. Qc1 Qa7 29. Qxc2 Qxd4 30. Nxc4 h6 31. Rc1 g5 32. Kh3 h5 33. Qe2 g4+ 34.
fxg4 Rc5 35. gxh5 Kf8 36. Rc2 Rg5 37. Qe3 Qg7 38. h6 Qg6 39. Ra2 Kg8 40. Qf4
Kh7 41. Ne5 1-0

[Event "4NCL Division Four"]
[Site "Daventry, ENG"]
[Date "2023.01.08"]
[Round "4.84"]
[White "Samarakoon, Vivash"]
[Black "Marsh, Roger D W"]
[Result "1-0"]
[WhiteElo "1435"]
[BlackElo "1928"]
[PlyCount "61"]
[EventDate "2023.01.08"]
[WhiteTeam "Anglian Avengers 2"]
[BlackTeam "Wessex Some Stars A"]

1. e4 g6 2. d4 Bg7 3. c3 c6 4. Bd3 d5 5. e5 h5 6. Nf3 Bg4 7. h3 Bxf3 8. Qxf3 e6
9. b3 Nd7 10. Nd2 h4 11. Qe2 Qe7 12. Nf3 Bh6 13. Nh2 Bxc1 14. Rxc1 Nh6 15. O-O
Nf5 16. Ng4 Qg5 17. f4 Qe7 18. Qf2 O-O-O 19. Rfd1 Kb8 20. b4 Rdg8 21. Rd2 g5
22. a4 gxf4 23. Qxf4 Rh5 24. Rf2 Qg5 25. Rcf1 Qxf4 26. Rxf4 Rgg5 27. Bxf5 exf5
28. Ne3 Rg3 29. R1f3 Nf8 30. Rxg3 hxg3 31. Rxf5 1-0

[Event "4NCL Division Four"]
[Site "Daventry, ENG"]
[Date "2023.01.08"]
[Round "4.85"]
[White "Spanton, Tim R"]
[Black "Collins, Nigel"]
[Result "1-0"]
[WhiteElo "1895"]
[BlackElo "1400"]
[PlyCount "115"]
[EventDate "2023.01.08"]
[WhiteTeam "Wessex Some Stars A"]
[BlackTeam "Anglian Avengers 2"]

1. e4 c5 2. Nf3 d6 3. Bb5+ Nd7 4. c4 Ngf6 5. Nc3 g6 6. d4 cxd4 7. Nxd4 Bg7 8.
O-O O-O 9. Qe2 a6 10. Ba4 Nc5 11. Bc2 Nfxe4 12. Nxe4 Bxd4 13. Rd1 Nxe4 14. Rxd4
Nf6 15. Bg5 Qc7 16. Bxf6 exf6 17. Rad1 Rd8 18. b3 Be6 19. Qd2 f5 20. Rxd6 Rxd6
21. Qxd6 Qxd6 22. Rxd6 Rc8 23. Bd3 Kf8 24. Kf1 Ke7 25. Rd4 Rd8 26. Rxd8 Kxd8
27. Ke2 f6 28. Ke3 b6 29. Kd4 Kc7 30. Be2 Kd6 31. Bf3 a5 32. a3 h6 33. b4 axb4
34. axb4 g5 35. c5+ bxc5+ 36. bxc5+ Kc7 37. Bd5 Bd7 38. g3 Ba4 39. Be6 Bc2 40.
Kc4 Bb1 41. Bd5 Bc2 42. Kb5 Bd3+ 43. Kb4 Bc2 44. Kc3 Bb1 45. Kd4 Bc2 46. f4 g4
47. Bg2 Bb1 48. Bf1 Ba2 49. Bc4 Bb1 50. Kd5 Be4+ 51. Ke6 Kc6 52. Kxf6 Kxc5 53.
Be6 Kd6 54. Bxf5 Bxf5 55. Kxf5 h5 56. Kg5 Ke6 57. Kh6 Kf5 58. Kxh5 1-0

[Event "4NCL Division Four"]
[Site "Daventry, ENG"]
[Date "2023.01.08"]
[Round "4.86"]
[White "Ferris, Oliver"]
[Black "Stuart, Graham"]
[Result "0-1"]
[WhiteElo "1491"]
[BlackElo "1766"]
[PlyCount "126"]
[EventDate "2023.01.08"]
[WhiteTeam "Anglian Avengers 2"]
[BlackTeam "Wessex Some Stars A"]

1. e4 e6 2. d4 d5 3. e5 c5 4. c3 Nc6 5. Nf3 Bd7 6. Be3 Qb6 7. Qd2 Nh6 8. Bxh6
gxh6 9. b3 O-O-O 10. g3 Kb8 11. Bg2 cxd4 12. Nxd4 Nxd4 13. Qxd4 Qxd4 14. cxd4
Bb4+ 15. Nd2 Bc3 16. Rc1 Rc8 17. Ke2 Bxd4 18. Nf3 Bb5+ 19. Kd2 Bxf2 20. Rxc8+
Rxc8 21. Rd1 d4 22. Bf1 Bxf1 23. Rxf1 Be3+ 24. Kd3 Rd8 25. Ne1 Rd7 26. Nc2 Bg5
27. h4 Bd8 28. Rf4 Bc7 29. Rxd4 Rxd4+ 30. Kxd4 Bb6+ 31. Ke4 Kc7 32. b4 Kc6 33.
Nd4+ Bxd4 34. Kxd4 Kb5 35. a3 h5 36. Kc3 Ka4 37. Kb2 a6 38. Ka2 a5 39. bxa5
Kxa5 40. Kb3 Kb5 41. Kc3 Kc5 42. a4 Kd5 43. Kb4 Kxe5 44. Kb5 Kf5 45. Kb6 e5 46.
a5 e4 47. Kxb7 e3 48. a6 e2 49. a7 e1=Q 50. a8=Q Qh1+ 51. Kb8 Qxa8+ 52. Kxa8
Kg4 53. Kb7 Kxg3 54. Kc6 f5 55. Kd5 f4 56. Ke4 f3 57. Kf5 Kxh4 58. Kf6 f2 59.
Kg7 f1=Q 60. Kxh7 Kg5 61. Kg7 h4 62. Kg8 Kg6 63. Kh8 Qf8# 0-1

[Event "4NCL Division Four"]
[Site "Daventry, ENG"]
[Date "2023.01.08"]
[Round "4.91"]
[White "Ivan, Austin"]
[Black "Leadbetter, Scott"]
[Result "1-0"]
[WhiteElo "1845"]
[BlackElo "1609"]
[PlyCount "81"]
[EventDate "2023.01.08"]
[WhiteTeam "Cambridge University Y1"]
[BlackTeam "Crowthorne B"]

1. d4 d6 2. Nc3 Nf6 3. e4 Nbd7 4. Be3 e5 5. f3 Be7 6. Nge2 c6 7. Qd2 b5 8. d5
b4 9. dxc6 Nc5 10. Nd5 Nxd5 11. exd5 Bf5 12. Ng3 Bg6 13. Bd3 Nxd3+ 14. cxd3 Qa5
15. O-O Rc8 16. Rfc1 Rc7 17. a3 Qxd5 18. axb4 O-O 19. Rxa7 Rfc8 20. Rxc7 Rxc7
21. Qc3 Qb5 22. d4 Bf6 23. Qa3 h6 24. Qa5 Bd3 25. Qxc7 exd4 26. Qc8+ Kh7 27.
Qb7 Qe5 28. Bf2 Bg5 29. Re1 Qd5 30. Qd7 Bb5 31. Qf5+ Qxf5 32. Nxf5 Bxc6 33.
Nxd4 Bd5 34. b5 Bd8 35. Nc6 Bf6 36. Bd4 Bg5 37. Ra1 Kg6 38. Nb4 Bb7 39. Ra7 Bd2
40. Rxb7 Bxb4 41. b6 1-0

[Event "4NCL Division Four"]
[Site "Daventry, ENG"]
[Date "2023.01.08"]
[Round "4.92"]
[White "Shek, Daniel"]
[Black "Jayakumar, Bharath"]
[Result "1-0"]
[WhiteElo "1549"]
[BlackElo "1616"]
[PlyCount "97"]
[EventDate "2023.01.08"]
[WhiteTeam "Crowthorne B"]
[BlackTeam "Cambridge University Y1"]

1. c4 e6 2. Nc3 Nf6 3. e4 d6 4. g3 b6 5. Bg2 Bb7 6. Nge2 c5 7. O-O Nbd7 8. d3
Be7 9. f4 Qc8 10. b3 O-O 11. Bb2 Bc6 12. Qd2 Qb7 13. Rae1 h6 14. h3 Rad8 15.
Qc2 a6 16. d4 d5 17. cxd5 exd5 18. e5 Ne8 19. Rd1 Nc7 20. Kh2 b5 21. dxc5 Nxc5
22. Nd4 N5e6 23. Nce2 Be8 24. f5 Nxd4 25. Nxd4 f6 26. e6 b4 27. Rc1 Nb5 28. Qd2
Kh8 29. Rfd1 Nc7 30. Qf4 Na8 31. Rc2 Bd6 32. Qe3 a5 33. e7 Bxe7 34. Ne6 Bh5 35.
Rdd2 Rde8 36. Bxd5 Qb8 37. Nxf8 Bxf8 38. Qf2 Nb6 39. Be6 a4 40. Bd4 axb3 41.
axb3 Na8 42. Ba7 Qe5 43. Rd5 Qa1 44. g4 Bg6 45. fxg6 Rxe6 46. Rc8 Kg8 47. Bc5
Rd6 48. Bxd6 Nb6 49. Rxf8# 1-0

[Event "4NCL Division Four"]
[Site "Daventry, ENG"]
[Date "2023.01.08"]
[Round "4.93"]
[White "Patel, Krrish"]
[Black "Rao, Shree"]
[Result "1/2-1/2"]
[WhiteElo "1411"]
[BlackElo "1553"]
[PlyCount "100"]
[EventDate "2023.01.08"]
[WhiteTeam "Cambridge University Y1"]
[BlackTeam "Crowthorne B"]

1. d4 f5 2. Bf4 d6 3. e3 g6 4. Nf3 Nf6 5. Bd3 Bg7 6. c3 Nc6 7. O-O O-O 8. Nbd2
Kh8 9. Nb3 Nd5 10. Bg3 e5 11. dxe5 dxe5 12. Bc4 Nb6 13. Qxd8 Nxd8 14. Be2 f4
15. exf4 exf4 16. Bh4 Ne6 17. Nfd4 Nxd4 18. Nxd4 Bxd4 19. cxd4 Be6 20. Be7 Rf7
21. Bb4 Rd8 22. Bc3 Bc4 23. Rfe1 Bxe2 24. Rxe2 Nd5 25. Rae1 Kg8 26. h3 Rd6 27.
Re6 Rxe6 28. Rxe6 Re7 29. Rxe7 Nxe7 30. g3 fxg3 31. fxg3 Kf7 32. Kf2 Kf6 33.
Kf3 Nd5 34. a3 h5 35. h4 Kf5 36. Bd2 c6 37. Be1 Nc7 38. a4 Ne6 39. Bc3 g5 40.
b3 g4+ 41. Ke3 Nc7 42. Bd2 b6 43. b4 a6 44. Kd3 Nd5 45. Be1 b5 46. a5 Nf6 47.
Bd2 Ne4 48. Be1 Nd6 49. Bd2 Nc4 50. Bc1 Nd6 1/2-1/2

[Event "4NCL Division Four"]
[Site "Daventry, ENG"]
[Date "2023.01.08"]
[Round "4.94"]
[White "McKean, Matthew"]
[Black "Laza, Andrei"]
[Result "1/2-1/2"]
[WhiteElo "1529"]
[BlackElo "1209"]
[PlyCount "74"]
[EventDate "2023.01.08"]
[WhiteTeam "Crowthorne B"]
[BlackTeam "Cambridge University Y1"]

1. c4 b6 2. Nc3 Bb7 3. e4 e6 4. Nge2 Bb4 5. a3 Bxc3 6. Nxc3 Nf6 7. d3 h6 8. g3
O-O 9. Bg2 d5 10. e5 Nh7 11. O-O c5 12. Nb5 Nd7 13. Nd6 Qc7 14. Re1 Bc6 15. Qg4
Kh8 16. Nb5 Bxb5 17. cxb5 Nxe5 18. Qe2 Ng6 19. Bd2 Nf6 20. Rac1 Rac8 21. b4 c4
22. dxc4 dxc4 23. Bc6 a6 24. Rxc4 axb5 25. Bxb5 Qd6 26. Rec1 Rxc4 27. Rxc4 Rd8
28. Be3 Ne5 29. Rd4 Nd5 30. Qd1 Qc7 31. Bf4 g5 32. Bc1 Qc3 33. Be2 Rc8 34. Rxd5
exd5 35. Be3 Qxa3 36. Qxd5 f6 37. Qd6 Qa1+ 1/2-1/2

[Event "4NCL Division Four"]
[Site "Daventry, ENG"]
[Date "2023.01.08"]
[Round "4.95"]
[White "Cann, Arthur"]
[Black "Coates, Christine"]
[Result "1-0"]
[WhiteElo "1287"]
[BlackElo "1339"]
[PlyCount "77"]
[EventDate "2023.01.08"]
[WhiteTeam "Cambridge University Y1"]
[BlackTeam "Crowthorne B"]

1. d4 d5 2. c4 dxc4 3. e4 b5 4. a4 c6 5. axb5 cxb5 6. e5 Bb7 7. Be3 e6 8. Nf3
Nc6 9. b3 Bb4+ 10. Bd2 Bxd2+ 11. Qxd2 Nge7 12. bxc4 bxc4 13. Bxc4 O-O 14. Nc3
Nb4 15. Be2 Ned5 16. Rb1 Qc7 17. Nxd5 Nxd5 18. O-O Ba6 19. Rfc1 Qxc1+ 20. Rxc1
Bxe2 21. Qxe2 a5 22. Ra1 a4 23. h3 a3 24. Qd3 h6 25. Rxa3 Rfc8 26. Rxa8 Rxa8
27. Nd2 Nf4 28. Qf3 Nd5 29. Nc4 Rc8 30. Ne3 Rc3 31. Qe4 Nxe3 32. fxe3 Rc8 33.
Qb7 Re8 34. Qc7 Kf8 35. e4 Re7 36. Qc5 f6 37. exf6 gxf6 38. d5 e5 39. Qc8+ 1-0

[Event "4NCL Division Four"]
[Site "Daventry, ENG"]
[Date "2023.01.08"]
[Round "4.96"]
[White "Rao, Saachi"]
[Black "Horwood, Alexander"]
[Result "0-1"]
[WhiteElo "859"]
[BlackElo "1239"]
[PlyCount "116"]
[EventDate "2023.01.08"]
[WhiteTeam "Crowthorne B"]
[BlackTeam "Cambridge University Y1"]

{[%evp 0,38,19,27,29,-15,46,43,39,24,23,27,25,-13,3,-3,7,-7,2,2,18,12,18,5,21,
-7,548,548,548,548,548,440,451,431,461,443,446,401,432,405,422]} 1. d4 Nf6 2.
c4 g6 3. Nc3 Bg7 4. Bg5 O-O 5. Nf3 d6 6. g3 h6 7. Bxf6 Bxf6 8. Bg2 Nc6 9. O-O
e5 10. d5 Ne7 11. Qd3 Bf5 12. Ne4 Qd7 13. Nxf6+ Kg7 14. Nxd7 Bxd3 15. Nxf8 Bxe2
16. Rfe1 Bxf3 17. Bxf3 Rxf8 18. b4 f5 19. Bd1 f4 20. gxf4 Rxf4 21. Be2 Nf5 22.
b5 Nd4 23. Rab1 Re4 24. Bd3 Rg4+ 25. Kf1 Nf3 26. Ke2 Nxe1 27. Rxe1 Rg2 28. h3
Rh2 29. a4 Rxh3 30. a5 Rh5 31. Rg1 g5 32. Rc1 Kf7 33. c5 Ke7 34. c6 b6 35. axb6
axb6 36. Ra1 Rh4 37. Ra7 Kd8 38. Ra8+ Ke7 39. Rc8 e4 40. Rxc7+ Kd8 41. Rd7+ Kc8
42. Rf7 exd3+ 43. Kxd3 Ra4 44. Rh7 Rb4 45. Rxh6 Rxb5 46. Rxd6 Kc7 47. Kc4 Rc5+
48. Kb4 Kxd6 49. f3 Kxd5 50. Kb3 Rxc6 51. f4 gxf4 52. Kb2 b5 53. Kb3 b4 54.
Kxb4 f3 55. Kb5 f2 56. Kb4 f1=Q 57. Kb3 Qb1+ 58. Ka4 Ra6# 0-1

[Event "4NCL Division Four"]
[Site "Daventry, ENG"]
[Date "2023.01.08"]
[Round "4.101"]
[White "Morgan, Philip D"]
[Black "Lovell, Steve"]
[Result "0-1"]
[WhiteElo "1717"]
[BlackElo "1813"]
[PlyCount "216"]
[EventDate "2023.01.08"]
[WhiteTeam "Ashfield 3"]
[BlackTeam "Iceni 3"]

1. e4 e5 2. Bc4 Nf6 3. d3 Nc6 4. Nf3 Bc5 5. c3 O-O 6. O-O d6 7. a4 a5 8. Re1 h6
9. Nbd2 Bg4 10. Nf1 Qd7 11. Be3 Bxe3 12. Nxe3 Ne7 13. Nxg4 Qxg4 14. h3 Qd7 15.
Nh4 Kh7 16. d4 g5 17. Nf5 Nxf5 18. exf5 Qxf5 19. dxe5 dxe5 20. Qe2 Rae8 21. Bb3
Kg7 22. Rad1 Re7 23. Rd2 Rfe8 24. Bc2 Qe6 25. Qd1 Qc6 26. Re3 b6 27. Rg3 Ne4
28. Bxe4 Qxe4 29. Re3 Qc6 30. h4 f6 31. hxg5 hxg5 32. Rh3 Qe4 33. Re3 Qf5 34.
Rh3 Qg6 35. Rd7 Qf5 36. Rd8 Rg8 37. Rxg8+ Kxg8 38. Qd8+ Kf7 39. Rh8 Qg6 40.
Rf8+ Ke6 41. Qc8+ Kd6 42. Rd8+ Kc5 43. Rd1 Qe8 44. Qg4 b5 45. b4+ Kb6 46. bxa5+
Kxa5 47. Qb4+ Ka6 48. Ra1 Re6 49. axb5+ Kb7 50. Qa5 Rd6 51. c4 Qd8 52. Qa4 Kc8
53. c5 Rd4 54. Qc2 Kd7 55. b6 cxb6 56. c6+ Kd6 57. Ra7 Ke6 58. Ra1 Qc7 59. Rc1
Rd5 60. Qb3 Kd6 61. Qf3 Ke6 62. g4 Rc5 63. Qf5+ Ke7 64. Rxc5 bxc5 65. Qh7+ Kd6
66. Qf5 Qe7 67. Qe4 Kc7 68. Qa4 Qd6 69. Qa7+ Kxc6 70. Qa6+ Kd7 71. Qa7+ Ke6 72.
Qa2+ Ke7 73. Qa7+ Kd8 74. Qa8+ Kd7 75. Qa7+ Qc7 76. Qa4+ Ke7 77. Qc4 Qd6 78.
Qe4 Qd1+ 79. Kg2 Kd6 80. Qf5 Qd5+ 81. Kg1 Qe6 82. Qd3+ Kc7 83. Qh7+ Kb6 84.
Qb1+ Ka5 85. Qa1+ Kb4 86. Qe1+ Kc4 87. Qe4+ Kb5 88. Qb7+ Qb6 89. Qe4 c4 90.
Qd5+ Kb4 91. Qe4 Qd6 92. Qb1+ Kc5 93. Qc1 Qd3 94. Qa1 c3 95. Qa7+ Kb4 96. Qe7+
Kb3 97. Qxf6 c2 98. Qb6+ Ka2 99. Qa5+ Qa3 100. Qd5+ Kb1 101. Qe4 Qc3 102. Qb7+
Ka2 103. Qa6+ Qa3 104. Qe6+ Qb3 105. Qa6+ Kb1 106. Qg6 Qb4 107. Qf5 e4 108.
Qxg5 c1=Q+ 0-1

[Event "4NCL Division Four"]
[Site "Daventry, ENG"]
[Date "2023.01.08"]
[Round "4.102"]
[White "Gaffney, Samuel"]
[Black "Taylor, Robert P"]
[Result "1-0"]
[WhiteElo "1833"]
[BlackElo "1724"]
[PlyCount "39"]
[EventDate "2023.01.08"]
[WhiteTeam "Iceni 3"]
[BlackTeam "Ashfield 3"]

1. d4 c6 2. c4 Nf6 3. Nf3 d6 4. Nc3 Nbd7 5. e4 Qc7 6. Be2 e5 7. O-O Be7 8. Qc2
h6 9. b3 g5 10. d5 Nf8 11. Bd2 Ng6 12. g3 Bh3 13. Rfd1 Rg8 14. Bf1 Qd7 15. Qd3
Nf4 16. gxf4 gxf4+ 17. Kh1 Qg4 18. Bxh3 Qxh3 19. Rg1 Kd7 20. dxc6+ 1-0

[Event "4NCL Division Four"]
[Site "Daventry, ENG"]
[Date "2023.01.08"]
[Round "4.105"]
[White "Bowler, Nigel"]
[Black "Jones, Robert L"]
[Result "1-0"]
[WhiteElo "1652"]
[BlackElo "1689"]
[PlyCount "103"]
[EventDate "2023.01.08"]
[WhiteTeam "Ashfield 3"]
[BlackTeam "Iceni 3"]

1. e4 e6 2. d4 d5 3. Nd2 c5 4. exd5 exd5 5. dxc5 Bxc5 6. Nb3 Bb6 7. Nf3 Nc6 8.
c3 h6 9. Bb5 Bxf2+ 10. Kxf2 Qb6+ 11. Nbd4 Nf6 12. Re1+ Ne4+ 13. Kf1 O-O 14. Qb3
Nxd4 15. Nxd4 Qf6+ 16. Nf3 Be6 17. Qd1 Rfd8 18. Qd4 Qxd4 19. Nxd4 a6 20. Bd3
Nc5 21. Bc2 Re8 22. Nxe6 Rxe6 23. Rxe6 fxe6 24. Be3 Nd7 25. g3 g5 26. Re1 Kf7
27. Bd4 Rg8 28. Be5 Ke7 29. Kg2 Nxe5 30. Rxe5 Kd6 31. Re3 b5 32. Rf3 Ke7 33.
Kf2 g4 34. Rf4 Rg5 35. Ke2 Rh5 36. Rf2 Rg5 37. Ke3 Kd6 38. Rf8 Rh5 39. Rf2 Rg5
40. Bd1 Re5+ 41. Kd2 Rg5 42. Rf4 h5 43. Bc2 Ke7 44. a4 bxa4 45. Rxa4 e5 46.
Rxa6 e4 47. Ra5 Rf5 48. Ke2 Re5 49. Bb3 Kd6 50. Rxd5+ Rxd5 51. Bxd5 Kxd5 52. b4
1-0

[Event "4NCL Division Four"]
[Site "Daventry, ENG"]
[Date "2023.01.08"]
[Round "4.106"]
[White "Carter, Dominic A"]
[Black "Willoughby, Robert H"]
[Result "0-1"]
[WhiteElo "1651"]
[BlackElo "1598"]
[PlyCount "74"]
[EventDate "2023.01.08"]
[WhiteTeam "Iceni 3"]
[BlackTeam "Ashfield 3"]

1. d4 Nf6 2. c4 e5 3. dxe5 Ng4 4. Bf4 Nc6 5. Nf3 Bb4+ 6. Nbd2 Qe7 7. a3 Ngxe5
8. Nxe5 Nxe5 9. e3 Bxd2+ 10. Qxd2 d6 11. Be2 O-O 12. O-O b6 13. Rfd1 Bb7 14.
Qc3 Rfe8 15. Rac1 a5 16. Rd2 Qf6 17. Rcd1 Qg6 18. Bg3 h5 19. Rd4 Qh7 20. Rh4 g6
21. f4 Nd7 22. Bf3 Be4 23. Qd4 Bxf3 24. gxf3 Qg7 25. Qd2 a4 26. e4 Nc5 27. Bf2
Nb3 28. Qc2 Qf6 29. Rd5 Ra5 30. Rxa5 bxa5 31. Be1 Rb8 32. e5 dxe5 33. Qc3 Nd4
34. Qe3 Rxb2 35. Bc3 Re2 36. fxe5 Qxh4 37. Qxd4 Qxh2+ 0-1

[Event "4NCL Division Four"]
[Site "Daventry, ENG"]
[Date "2023.01.08"]
[Round "4.111"]
[White "Perchard, Matthew"]
[Black "Mehta, Sophie"]
[Result "1/2-1/2"]
[WhiteElo "1506"]
[BlackElo "1507"]
[PlyCount "69"]
[EventDate "2023.01.08"]
[WhiteTeam "Celtic Tigers 3"]
[BlackTeam "She Plays to Win Young Stars"]

1. e4 c5 2. Nf3 d6 3. c3 g6 4. d4 cxd4 5. cxd4 Bg7 6. Nc3 Bg4 7. Be3 Nf6 8. Be2
O-O 9. O-O Bxf3 10. Bxf3 Nc6 11. Qd2 Nd7 12. Be2 a6 13. Rac1 Re8 14. d5 Na7 15.
Rc2 e6 16. dxe6 Rxe6 17. Rfc1 Nc5 18. Bxc5 dxc5 19. Qxd8+ Rxd8 20. f3 f5 21.
Bc4 Kf7 22. Bxe6+ Kxe6 23. Kf1 Bh6 24. Rd1 Rxd1+ 25. Nxd1 b6 26. exf5+ Kxf5 27.
Nc3 Nc6 28. Ne2 Nb4 29. Ng3+ Kf6 30. Ne4+ Ke5 31. Re2 Kd4 32. a3 Nd5 33. h4 Bc1
34. Nd2 Kd3 35. Ne4 1/2-1/2

[Event "4NCL Division Four"]
[Site "Daventry, ENG"]
[Date "2023.01.08"]
[Round "4.112"]
[White "Mouskos, John"]
[Black "Macleod, Andrew"]
[Result "0-1"]
[WhiteElo "1500"]
[BlackElo "1422"]
[PlyCount "96"]
[EventDate "2023.01.08"]
[WhiteTeam "She Plays to Win Young Stars"]
[BlackTeam "Celtic Tigers 3"]

1. e4 e6 2. Nf3 d5 3. exd5 exd5 4. d4 Bd6 5. Bd3 Bg4 6. Be3 Ne7 7. Nbd2 Nbc6 8.
O-O Qd7 9. c3 f5 10. Nb3 b6 11. Re1 O-O 12. a3 a5 13. c4 a4 14. Nbd2 f4 15. c5
bxc5 16. dxc5 Be5 17. Nxe5 Nxe5 18. Qc2 Nxd3 19. Qxd3 fxe3 20. Rxe3 Ng6 21. Rf1
Rab8 22. Nf3 Rxb2 23. Ne5 Nxe5 24. Rxe5 c6 25. Rfe1 Rbxf2 26. Qg3 Qf7 27. h3
Rf1+ 28. Rxf1 Qxf1+ 29. Kh2 Bf5 30. Re7 Bg6 31. Rc7 Qf6 32. Rd7 Qf4 33. Rd6
Qxg3+ 34. Kxg3 Rf6 35. Rd8+ Kf7 36. Rd7+ Ke6 37. Rxg7 Ke5 38. Ra7 Bc2 39. Kh4
Kd4 40. Ra5 Kc4 41. g4 d4 42. g5 Re6 43. Kg4 d3 44. Ra8 d2 45. Rd8 d1=Q+ 46.
Rxd1 Bxd1+ 47. Kf5 Rg6 48. h4 Kb3 0-1